Alle Niederländer in der Bundesliga 25/26 - Statistiken

Allgemein
  • Dieses Quiz wurde 34 mal gespielt
  • Das Durchschnittsergebnis liegt bei 6 aus 10
Antwortstatistiken
Hint Antwort % Korrekt
Leverkusen TW Flekken
87%
Köln IV van den Berg
84%
Leverkusen RF Poku
77%
Hoffenheim ZM Burger
74%
Union Berlin IV Doekhi
71%
Stuttgart IV Hendriks
55%
Augsburg IV Gouweleeuw
52%
St. Pauli ST Kaars
52%
Leipzig ZM Banzuzi
42%
Wolfsburg IV Seelt
13%
Keine übereinstimmenden Quizze gefunden
Verteilung der Resultate
Anzahl Personen mit jedem Resultat
Perzentil nach korrekt beantworteten Fragen
Ihre Resultats-Entwicklung
Sie haben dieses Quiz noch nicht gespielt